01240nam a22003014a 4500001000400000003000400004005001700008008004100025020002400066040000800090041000800098082001700106100003500123245008200158250001300240260004300253300001800296520029100314650003100605650002400636650003900660655001600699655002000715830004100735942001500776952013400791999001300925479OSt20250902145243.0250902b |||||||| |||| 00| 0 eng d a8508082495 (broch.) bpor hpor04a028.5bA994h1 aAzevedo, Ricardo,d1949-9103010aHistórias que o povo conta /ctexto e ilustrações de Ricardo Azevedo. - a1. ed. - aSão Paulo :bEditora Ática,c2002. a56p. :bil. ; aMacaco brigando com velha? Gambá sonhando em ficar rico? Essas situações inusitadas e muitas outras, que fazem parte desse livro, saíram da cabeça do povo e são aqui recontadas por Ricardo Azevedo. Escritor e ilustrador premiado, já publicou vários livros sobre o tema. 0aLiteratura Brasileira9205 0aInfantojuvenil9200 0aContos populares brasileiros91032 0aRomance923 0aFicção 922 aLiteratura em minha casavv.5.91026 2ddcn0cBK 00102ddc40708FICaBIBIBbBIBIBcIJd2025-09-02edoaçãol0o028.5 / A994lp2025-17412r2025-09-02 09:39:22w2025-09-02yBK c479d479